| 000 | 00464nam a2200181Ia 4500 | ||
|---|---|---|---|
| 008 | 190516s9999 xx 000 0 und d | ||
| 100 | _aCrisostomo, Shiela | ||
| 245 | _aUNAIDS calls for bold action to end TB, AIDS/ | ||
| 245 | _cShiela Crisostomo | ||
| 260 | _bThe Philippine Star | ||
| 260 | _c2018 | ||
| 300 | _aMarch 25 | ||
| 440 | _aThe Philippine Star | ||
| 650 | _aAIDS | ||
| 650 | _ahealth | ||
| 650 | _ahealth programs | ||
| 650 | _atubercolosis | ||
| 999 |
_c361864 _d361864 |
||